00406nam a2200133Ia 450000500170000000800410001702000150005808200130007310000200008624500470010626000400015330000130019350000660020620250514015449.0240331s9999 xx 000 0 und d a955200845X a294bABE aAbeyasundara, P 0aBaudda samaja palanaya ha aparada viddyawa aColombobS. Godage & Brothersc1993 a131 p ., aA book on Buddhist Society planning & appearance of the world